00735nam a2200193 i 450000100060000000300090000600500170001500700030003200800410003508000280007608000280010424501680013226000750030030000210037565000390039665000340043571000390046985200330050817456ES-MaACL20230906151605.0t|010309s2000 sp ||||1| spa d a821.134.2-32"19"(082.2) a821.134.2-14"19"(082.2)00aX Premio de Relatos Cortos. IV Premio de Poesía Rincón Poético. XII Pregón de la Feria de la Manzanilla b: Ateneo de Sanlúcar, Sanlúcar de Bda., 2000. aSanlúcar de Barrameda : bAteneo de Sanlúcar de Barrameda, c2000. a97 p. ; c21 cm. 4aNovelas cortas españolas-yS.XX. 4aPoesías españolas-yS.XX.2 aAteneo de Sanlúcar de Barrameda. aES-MaACLjL-24365 bR.129881